Internationales Management in unterschiedlichen Kulturbereichen
Guardado en:
| Autor principal: | |
|---|---|
| Formato: | Libro |
| Lenguaje: | alemán |
| Publicado: |
München
Oldenbourg
1992
|
| Edición: | 2. verb. Aufl. |
| Materias: | |
| Etiquetas: |
Sin Etiquetas, Sea el primero en etiquetar este registro!
|
MARC
| LEADER | 00000nam a2200000 4500 | ||
|---|---|---|---|
| 001 | c010023 | ||
| 005 | 20221206084742.1 | ||
| 020 | |a 3-486-22349-6 | ||
| 041 | 0 | |a ger | |
| 044 | |a DE | ||
| 245 | 1 | 0 | |a Internationales Management in unterschiedlichen Kulturbereichen |c Eberhard Dülfer |
| 250 | |a 2. verb. Aufl. | ||
| 264 | 1 | |a München |b Oldenbourg |c 1992 | |
| 300 | |a 563 s. | ||
| 610 | 2 | 0 | |a manažment medzinárodný |
| 610 | 2 | 0 | |a podnikanie v zahraničí |
| 610 | 2 | 0 | |a kooperácia |
| 610 | 2 | 0 | |a krajiny rozvojové |
| 610 | 2 | 0 | |a internacionalizácia |
| 610 | 2 | 0 | |a obchod medzinárodný |
| 610 | 2 | 0 | |a franchising |
| 610 | 2 | 0 | |a lízing |
| 610 | 2 | 0 | |a normy právne |
| 610 | 2 | 0 | |a Európske spoločenstvá |
| 100 | 1 | |a Dülfer, Eberhard | |